000
00345pab a2200145 454500
008
180718b1983 xxu||||| |||| 00| 0 eng d
100
_a
Bradley, David
245
_a
Staff appraisal in the police service
260
_c
1983
300
_a
256-7
362
_a
July-Sept.
650
_a
Police - U.K.
773
_a
Police Journal
909
_a
15178
999
_c
15178
_d
15178